[Event "1. liga - V 17/18, Opava-CT"]
[Site ""]
[Date "2017.12.10"]
[Round "4.7"]
[White "Chwistek, Karel"]
[Black "Mitura, Vaclav"]
[Result "1/2-1/2"]
[WhiteElo "2035"]
[BlackElo "2177"]
[PlyCount "0"]
[WhiteTeam "KVS Ekodivize Opava"]
[BlackTeam "Slavoj Cesky Tesin"]
[EventDate "2017.10.22"]

1. e4 c6 2. Nc3 d5 3. Qf3 dxe4 4. Nxe4 Nd7 5. d4 Ngf6 6. c3 Nxe4 7. Qxe4 Nf6 8.
Qc2 Bg4 9. Bd3 Bh5 10. Bg5 Bg6 11. Nf3 e6 12. O-O-O Be7 13. Bxg6 hxg6 14. h4
Nd7 15. Kb1 Nb6 16. g4 Qd5 17. Qd3 Bf6 18. Bf4 Qb5 19. Qxb5 cxb5 20. Be5 Bxe5
21. Nxe5 Nd5 22. Rd3 Rc8 23. h5 gxh5 24. Rxh5 Rxh5 25. gxh5 Nf6 26. h6 gxh6 27.
Rh3 h5 28. Rg3 Kf8 29. Nd3 Ke7 30. Kc2 Rg8 31. Rxg8 Nxg8 32. Nf4 Nf6 33. Kd3
Kd6 34. Nh3 Nd5 35. Ke4 f5+ 36. Kf3 Ke7 37. Kg3 Kf6 38. Kh4 Kg6 39. a3 a5 40.
Kg3 a4 41. Kh4 Nb6 42. Nf4+ Kf7 43. Kxh5 Nc4 44. Nd3 Kf6 45. f4 1/2-1/2

[Event "1. liga - V 17/18, Opava-CT"]
[Site ""]
[Date "2017.12.10"]
[Round "4.8"]
[White "Raszka, Janusz"]
[Black "Pavera, Vit"]
[Result "1-0"]
[WhiteElo "2122"]
[BlackElo "2008"]
[PlyCount "0"]
[WhiteTeam "Slavoj Cesky Tesin"]
[BlackTeam "KVS Ekodivize Opava"]
[EventDate "2017.10.22"]

1. e4 c5 2. Nf3 g6 3. d4 cxd4 4. Nxd4 Nc6 5. Nc3 Bg7 6. Nb3 Nf6 7. Be2 d6 8.
O-O O-O 9. Bg5 Be6 10. Kh1 Qd7 11. f4 Bg4 12. Bxf6 Bxe2 13. Qxe2 Bxf6 14. Rf3
a5 15. a4 Bxc3 16. Rxc3 Nb4 17. Rh3 Qe6 18. Nd4 Qf6 19. c3 Na6 20. Qe3 e5 21.
Ne2 Nc5 22. f5 Rfd8 23. Rf3 Kh8 24. fxg6 Qxg6 25. Ng3 Ne6 26. Nf5 Qg5 27. Qb6
Rg8 28. Rg1 Nf4 29. Qxd6 Ne2 30. h4 Qg6 31. Qxg6 fxg6 32. Re1 gxf5 33. Rxe2 f4
34. Rd2 Rg4 35. Rh3 Rag8 36. Kg1 h5 37. Kf1 Kh7 38. Rh2 R8g7 39. Rd5 Rf7 40.
Rxe5 Kh6 41. Ke2 Rg3 42. Rxa5 Re3+ 43. Kf2 Rxe4 44. Rh3 Rfe7 45. Rb5 Rxa4 46.
Rd3 Rae4 47. Rdd5 Re2+ 48. Kg1 Rf7 49. Rxh5+ Kg7 50. Rhg5+ Kh7 51. Rbf5 1-0

[Event "1. liga - V 17/18, Kromeriz-Hostalkova"]
[Site ""]
[Date "2017.12.10"]
[Round "4.1"]
[White "Malinovsky, Karel"]
[Black "Pala, Vladimir"]
[Result "1-0"]
[WhiteElo "2476"]
[BlackElo "2229"]
[PlyCount "0"]
[WhiteTeam "Slavia Kromeriz"]
[BlackTeam "Sachy Hostalkova"]
[EventDate "2017.10.22"]

1. e4 g6 2. d4 Bg7 3. Nc3 c6 4. f4 d5 5. e5 h5 6. Nf3 Bg4 7. Be2 e6 8. Be3 Nd7
9. O-O Nh6 10. h3 Bxf3 11. Bxf3 Nf5 12. Bf2 h4 13. Ne2 Bf8 14. b3 Be7 15. c4
Kf8 16. Kh2 Kg7 17. Qd2 b5 18. cxb5 cxb5 19. Rfc1 Qb6 20. Qc3 Qb7 21. Qc7 Rhb8
22. Bg4 Nh6 23. Ng1 Bd8 24. Qxb7 Rxb7 25. Be2 Nf5 26. Nf3 Be7 27. Bd3 b4 28.
Rc2 a5 29. Rac1 Raa7 30. Rc6 a4 31. Ra6 axb3 32. axb3 Rxa6 33. Bxa6 Ra7 34. Bd3
Nf8 35. Rc8 Ra2 36. Be1 Ra1 37. Bf2 Ra2 38. Bg1 Ra7 39. Re8 Rd7 40. Bf2 Rd8 41.
Rxd8 Bxd8 42. Ne1 Be7 43. Nc2 Ng3 44. Bxg3 hxg3+ 45. Kxg3 Nd7 46. Bb5 Nb6 47.
Kf3 Na8 48. g4 Bf8 49. Ne1 Nc7 50. Bc6 Be7 51. g5 Bf8 52. Kg4 Be7 53. h4 Kh7
54. h5 gxh5+ 55. Kxh5 Kg7 56. Nf3 Bf8 57. Nh4 Be7 58. Kg4 Bd8 59. Nf3 Kg6 60.
Ne1 Be7 61. Nd3 Bf8 62. Bd7 Be7 63. f5+ exf5+ 64. Bxf5+ Kg7 65. Bd7 Kg6 66.
Nf4+ 1-0

[Event "1. liga - V 17/18, Kromeriz-Hostalkova"]
[Site ""]
[Date "2017.12.10"]
[Round "4.2"]
[White "Karlik, Ondrej"]
[Black "Lanc, Alois"]
[Result "1-0"]
[WhiteElo "2171"]
[BlackElo "2307"]
[PlyCount "0"]
[WhiteTeam "Sachy Hostalkova"]
[BlackTeam "Slavia Kromeriz"]
[EventDate "2017.10.22"]

1. e4 c5 2. Nf3 d6 3. d4 cxd4 4. Nxd4 Nf6 5. Nc3 a6 6.
f3 e6 7. Be3 b5 8. Qd2 b4 9. Nce2 Nbd7 10. g4 h6 11. O-O-O d5 12. exd5 Nxd5 13.
Nf4 N7f6 14. Bc4 Nxe3 15. Qxe3 Qb6 16. Rhe1 Be7 17. h4 g5 18. Nd5 Nxd5 19. Bxd5
Ra7 20. Bc6+ Bd7 21. Qe5 O-O 22. hxg5 Bxg5+ 23. f4 Be7 24. g5 Qc5 25. Qe4 hxg5
26. Bxd7 Bf6 27. Nxe6 1-0

[Event "1. liga - V 17/18, Kromeriz-Hostalkova"]
[Site ""]
[Date "2017.12.10"]
[Round "4.3"]
[White "Pastircak, Milan"]
[Black "Krejca, Jakub"]
[Result "1/2-1/2"]
[WhiteElo "2321"]
[BlackElo "2104"]
[PlyCount "0"]
[WhiteTeam "Slavia Kromeriz"]
[BlackTeam "Sachy Hostalkova"]
[EventDate "2017.10.22"]

1. d4 d5 2. Nf3 e6 3. Bf4 Nf6 4. e3 Be7 5. Bd3 O-O 6. Nbd2 c5 7. c3 Nbd7 8. Ne5
Nxe5 9. dxe5 Nd7 10. h4 Re8 11. Rh3 Nf8 12. Qh5 Qb6 13. Rb1 Bd7 14. Nf3 Bb5 15.
Bc2 Qa6 16. Rg3 g6 17. Qh6 Red8 18. h5 Bf1 19. Ng1 Bd3 20. Bxd3 Qxd3 21. Rc1
Qb5 22. Bg5 Bxg5 23. Qxg5 d4 24. exd4 cxd4 25. Ne2 dxc3 26. Rgxc3 Rd5 27. f4
Rad8 28. R3c2 Qb4+ 29. Nc3 Rd4 30. Rf2 Qc4 31. Ne2 Qb4+ 32. Nc3 Rd3 33. Re2 Qd4
34. Kf1 Qd7 35. Ne4 Rd1+ 36. Rxd1 Qxd1+ 37. Re1 Qd3+ 38. Kg1 Rc8 39. Nf6+ Kh8
40. Ng4 Qf5 41. Nh6 Qxg5 42. Nxf7+ Kg7 43. Nxg5 Rc2 44. Re3 h6 45. Ne4 Rxb2 46.
Rc3 gxh5 47. Rc7+ Kg6 48. Nd6 Rxa2 49. Rf7 Nh7 50. Re7 Nf8 51. Rf7 Nh7 52. Re7
Nf8 1/2-1/2

[Event "1. liga - V 17/18, Kromeriz-Hostalkova"]
[Site ""]
[Date "2017.12.10"]
[Round "4.4"]
[White "Bednarik, Josef"]
[Black "Karlik, Vladimir"]
[Result "1/2-1/2"]
[WhiteElo "2122"]
[BlackElo "2227"]
[PlyCount "0"]
[WhiteTeam "Sachy Hostalkova"]
[BlackTeam "Slavia Kromeriz"]
[EventDate "2017.10.22"]

1. e4 g6 2. d4 Bg7 3. Nc3 c6 4. f3 d6 5. g4 b5 6. Be3
Nd7 7. Qd2 Nb6 8. g5 Rb8 9. h4 b4 10. Nd1 Qc7 11. h5 c5 12. h6 Bxd4 13. Bxd4
cxd4 14. Qxd4 e5 15. Qd2 Ne7 16. Ne3 O-O 17. O-O-O Rd8 18. f4 d5 19. fxe5 Be6
20. Qf2 Nc6 21. Bb5 d4 22. Ng2 Rbc8 23. Bxc6 Qxc6 24. Rd2 Bxa2 25. Qf6 Qxf6 26.
exf6 Nc4 27. Rf2 Ne5 28. Nf4 b3 29. Rh3 bxc2 30. Rxc2 d3 31. Rxc8 d2+ 32. Kd1
Rxc8 33. Kxd2 Bb1 1/2-1/2

[Event "1. liga - V 17/18, Kromeriz-Hostalkova"]
[Site ""]
[Date "2017.12.10"]
[Round "4.5"]
[White "Mudrak, Josef"]
[Black "Senkyr, Martin"]
[Result "1-0"]
[WhiteElo "2276"]
[BlackElo "2128"]
[PlyCount "0"]
[WhiteTeam "Slavia Kromeriz"]
[BlackTeam "Sachy Hostalkova"]
[EventDate "2017.10.22"]

1. d4 Nf6 2. Nf3 e6 3. c4 b6 4. g3 Bb7 5. Bg2 d5 6. Ne5
Be7 7. Qa4+ c6 8. cxd5 exd5 9. Nc3 O-O 10. O-O b5 11. Qb3 Nbd7 12. e4 Nxe4 13.
Nxe4 dxe4 14. Bxe4 Nxe5 15. dxe5 Qd4 16. Re1 Bb4 17. Re2 Kh8 18. Bf4 Rad8 19.
Qf3 f6 20. e6 Qc4 21. Bf5 Rd5 22. Rc1 Qxa2 23. Bb1 Qa4 24. Bc2 Qa5 25. Be4 Rc5
26. Rxc5 Bxc5 27. Qh5 f5 28. Bxf5 Rxf5 29. Qxf5 Be7 30. Qe5 Qd8 31. Rd2 Qf8 32.
Qc7 Bc8 33. Bd6 Bxd6 34. Rxd6 1-0

[Event "1. liga - V 17/18, Kromeriz-Hostalkova"]
[Site ""]
[Date "2017.12.10"]
[Round "4.6"]
[White "Plsek, Pavel"]
[Black "Cagasik, Tomas"]
[Result "0-1"]
[WhiteElo "1949"]
[BlackElo "2202"]
[PlyCount "0"]
[WhiteTeam "Sachy Hostalkova"]
[BlackTeam "Slavia Kromeriz"]
[EventDate "2017.10.22"]

1. Nf3 d5 2. c4 e6 3. d4 Nf6 4. Nc3 Nbd7 5. cxd5 exd5
6. Bg5 c6 7. g3 Qb6 8. Qc2 h6 9. Bd2 Be7 10. e3 O-O 11. Bd3 Re8 12. O-O Nf8 13.
Nh4 Ne6 14. Nf5 Bf8 15. a3 Ng5 16. f3 g6 17. Nh4 Bg7 18. Ne2 Bd7 19. b4 Re7 20.
Ng2 Rae8 21. Qc5 Nfe4 22. fxe4 dxe4 23. Qxb6 axb6 24. Bc4 Nf3+ 25. Rxf3 exf3
26. Nef4 fxg2 27. Nxg6 Rxe3 28. Bxe3 Rxe3 29. Kxg2 b5 30. Ba2 Bxd4 31. Rd1 Re2+
32. Kf3 Rxa2 33. Rxd4 Rxa3+ 34. Kf4 Bh3 35. Ne5 Be6 36. h4 Ra4 37. Ke3 Kg7 38.
Nd3 Bc4 39. Nc5 Rxb4 40. Nxb7 Rb3+ 41. Kf4 Bd5 42. g4 Rh3 43. h5 Kf6 0-1

[Event "1. liga - V 17/18, Kromeriz-Hostalkova"]
[Site ""]
[Date "2017.12.10"]
[Round "4.7"]
[White "Dvorak, Martin"]
[Black "Vraj, Ondrej"]
[Result "1-0"]
[WhiteElo "2164"]
[BlackElo "1902"]
[PlyCount "0"]
[WhiteTeam "Slavia Kromeriz"]
[BlackTeam "Sachy Hostalkova"]
[EventDate "2017.10.22"]

1. e4 d5 2. exd5 Qxd5 3. Nc3 Qa5 4. d4 c6 5. Nf3 Nf6 6.
Bc4 Bg4 7. h3 Bxf3 8. Qxf3 e6 9. Bd2 Qc7 10. O-O-O Nbd7 11. g4 Nb6 12. Bb3 h6
13. h4 Bb4 14. a3 Ba5 15. Bf4 Qd7 16. Ne2 O-O-O 17. g5 hxg5 18. hxg5 Nfd5 19.
Bg3 Qe7 20. Qg4 Nd7 21. c4 Nc7 22. Kb1 Rxh1 23. Rxh1 Ne8 24. Rd1 Bc7 25. d5
Bxg3 26. Nxg3 cxd5 27. cxd5 exd5 28. Bxd5 Kb8 29. Qf4+ Nd6 30. Bxf7 Ne5 31. Nf5
Ndxf7 32. Nxe7 Rxd1+ 33. Ka2 Re1 34. g6 Nd8 35. Qf5 1-0

[Event "1. liga - V 17/18, Kromeriz-Hostalkova"]
[Site ""]
[Date "2017.12.10"]
[Round "4.8"]
[White "Vraj, Karel"]
[Black "Kapusta, Petr"]
[Result "1/2-1/2"]
[WhiteElo "1877"]
[BlackElo "2146"]
[PlyCount "0"]
[WhiteTeam "Sachy Hostalkova"]
[BlackTeam "Slavia Kromeriz"]
[EventDate "2017.10.22"]

1. e4 c5 2. Nf3 d6 3. c4 Nc6 4. d4 cxd4 5. Nxd4 g6 6.
Nc3 Bg7 7. Be3 Nf6 8. Be2 O-O 9. h3 Bd7 10. O-O Nxd4 11. Bxd4 e5 12. Be3 Bc6
13. Bd3 Nh5 14. Nd5 Bxd5 15. cxd5 Nf4 16. Bxf4 exf4 17. Rb1 Be5 18. Qe2 Rc8 19.
Rfc1 Qg5 20. Qg4 Qxg4 21. hxg4 Kg7 22. b3 Kf6 23. Kf1 Kg5 24. f3 Rh8 25. Rxc8
Rxc8 26. Ke2 Rc5 27. Rh1 h6 28. Rd1 b5 29. b4 Rc3 30. Bxb5 Re3+ 31. Kf1 Ra3 32.
Bc4 Ra4 33. Bb3 Rxb4 34. Rc1 Rb7 35. Ke2 Bd4 36. Rc4 Bc5 37. Rc1 Re7 38. Rc3 f5
39. gxf5 gxf5 40. Rc4 Kh4 41. Kf1 fxe4 42. Rxe4 Rxe4 43. fxe4 f3 44. Bd1 f2 45.
Ba4 Kg3 46. Bd7 h5 47. a4 h4 48. Be6 Kf4 49. Bf5 Ke3 50. Bg6 Bd4 1/2-1/2

[Event "1. liga - V 17/18"]
[Site ""]
[Date "2018.01.07"]
[Round "5.1"]
[White "Ponizil, Cyril"]
[Black "Kratochvil, Josef"]
[Result "1-0"]
[WhiteElo "2479"]
[BlackElo "2263"]
[PlyCount "0"]
[WhiteTeam "Sachy Hostalkova"]
[BlackTeam "Lokomotiva Brno A"]
[EventDate "2017.10.22"]

1. Nf3 Nf6 2. c4 c5 3. Nc3 e6 4. e3 d5 5. d4 Nc6 6. cxd5 exd5 7. Be2 cxd4 8.
Nxd4 Bd6 9. O-O O-O 10. Bf3 Bb8 11. Re1 Qd6 12. g3 a6 13. Nxc6 bxc6 14. e4 dxe4
15. Nxe4 Nxe4 16. Bxe4 Bb7 17. Qb3 Qc7 18. Be3 Ba7 19. Bf4 Qb6 20. Qc2 g6 21.
Rad1 Rad8 22. Be3 c5 23. Bxb7 Qxb7 24. Bh6 Rxd1 25. Qxd1 Rc8 26. Qd6 Qf3 27.
Qxa6 Ra8 28. Qxa7 1-0

[Event "1. liga - V 17/18"]
[Site ""]
[Date "2018.01.07"]
[Round "5.2"]
[White "Skliba, Martin"]
[Black "Pala, Vladimir"]
[Result "1-0"]
[WhiteElo "2268"]
[BlackElo "2225"]
[PlyCount "0"]
[WhiteTeam "Lokomotiva Brno A"]
[BlackTeam "Sachy Hostalkova"]
[EventDate "2017.10.22"]

1. d4 g6 2. c4 Bg7 3. e4 d6 4. Nc3 e5 5. d5 Ne7 6. h4 h5 7. Be2 a5 8. Be3 Na6
9. Qd2 f5 10. exf5 Nxf5 11. Bg5 Bf6 12. Ne4 Bxg5 13. hxg5 Kf7 14. O-O-O Bd7 15.
f4 Qe7 16. Nf3 exf4 17. Qxf4 Rae8 18. Bd3 Nb4 19. Rhe1 Nxd3+ 20. Rxd3 Qd8 21.
c5 Bc8 22. Qd2 dxc5 23. Nxc5 Rxe1+ 24. Qxe1 Re8 25. Ne6 Qd6 26. Ne5+ Kg8 27.
Nc4 Rxe6 28. Qxe6+ Qxe6 29. dxe6 Bxe6 30. Nxa5 Nd6 31. Rc3 c6 32. Nxc6 Bxa2 33.
Ne5 Be6 34. Nxg6 1-0

[Event "1. liga - V 17/18"]
[Site ""]
[Date "2018.01.07"]
[Round "5.3"]
[White "Karlik, Ondrej"]
[Black "Kulovana, Eva"]
[Result "0-1"]
[WhiteElo "2185"]
[BlackElo "2144"]
[PlyCount "0"]
[WhiteTeam "Sachy Hostalkova"]
[BlackTeam "Lokomotiva Brno A"]
[EventDate "2017.10.22"]

1. e4 c6 2. d4 d5 3. exd5 cxd5 4. Bd3 Nc6 5. c3 Qc7 6. h3 Nf6 7. Nf3 g6 8. O-O
Bf5 9. Re1 Bxd3 10. Qxd3 Bg7 11. Na3 a6 12. Nc2 O-O 13. a3 Na5 14. Nb4 e6 15.
Qe2 Nb3 16. Rb1 Nxc1 17. Rbxc1 Rfc8 18. Nd3 Nd7 19. Rcd1 b5 20. Ng5 Qd6 21. h4
Bf6 22. Qg4 h5 23. Qf3 Bxg5 24. hxg5 a5 25. Re3 Ra7 26. Rde1 Nb6 27. Qf6 Nd7
28. Qf3 Nb6 29. Qe2 Kg7 30. Rf3 Nc4 31. Rf6 Rb7 32. f4 Qd8 33. f5 exf5 34. Nf4
Rb6 35. Rxb6 Nxb6 36. Qxb5 Qxg5 37. Nxd5 Nxd5 38. Qxd5 a4 39. Qe5+ Qf6 40. Kf2
Qxe5 41. Rxe5 Kf6 42. Rb5 f4 43. Kf3 g5 44. Rb6+ Kf5 45. Rb5+ Kg6 46. d5 Re8
47. Kf2 g4 48. d6 f5 49. Rb4 Rd8 50. Rxa4 Rxd6 51. Rd4 Rb6 52. Rd2 h4 53. c4
Re6 54. c5 Kg5 55. Rd8 0-1

[Event "1. liga - V 17/18"]
[Site ""]
[Date "2018.01.07"]
[Round "5.4"]
[White "Hosek, Martin"]
[Black "Krejca, Jakub"]
[Result "1/2-1/2"]
[WhiteElo "2120"]
[BlackElo "2117"]
[PlyCount "0"]
[WhiteTeam "Lokomotiva Brno A"]
[BlackTeam "Sachy Hostalkova"]
[EventDate "2017.10.22"]

1. d4 d5 2. c4 e6 3. Nc3 Nf6 4. Bg5 Nbd7 5. e3 Be7 6. Nf3 O-O 7. Qc2 b6 8. cxd5
exd5 9. Bd3 c5 10. O-O Bb7 11. Rac1 c4 12. Bf5 g6 13. Bh3 a6 14. a4 Bc6 15.
Rfe1 Re8 16. Bxf6 Bxf6 17. e4 dxe4 18. Nxe4 Bxe4 19. Rxe4 b5 20. a5 Nf8 21.
Rce1 Rxe4 22. Qxe4 Ra7 23. Qc6 Bxd4 24. Nxd4 Qxd4 25. g3 Qxb2 26. Re8 Qb4 27.
Qc8 c3 28. Bf1 c2 29. Qxc2 Re7 30. Ra8 Re1 31. Rxa6 Ra1 32. Qd3 Rxa5 33. Rxa5
Qxa5 34. Qxb5 Qa1 35. Kg2 Kg7 36. Bc4 Qf6 37. Bd5 g5 38. Bf3 Ng6 39. h3 Ne5 40.
Qd5 h6 41. Qe4 Qd6 42. Qd5 1/2-1/2

[Event "1. liga - V 17/18"]
[Site ""]
[Date "2018.01.07"]
[Round "5.5"]
[White "Bednarik, Josef"]
[Black "Kratochvil, Milan"]
[Result "1/2-1/2"]
[WhiteElo "2106"]
[BlackElo "2229"]
[PlyCount "0"]
[WhiteTeam "Sachy Hostalkova"]
[BlackTeam "Lokomotiva Brno A"]
[EventDate "2017.10.22"]

1. e4 e5 2. Nf3 Nf6 3. Nxe5 d6 4. Nf3 Nxe4 5. d3 Nf6 6. d4 d5 7. Bd3 Bg4 8. O-O
Be7 9. Bg5 O-O 10. Nbd2 Nbd7 11. c3 Ne4 1/2-1/2

[Event "1. liga - V 17/18"]
[Site ""]
[Date "2018.01.07"]
[Round "5.6"]
[White "Kratochvil, Karel"]
[Black "Malcanek, Jan"]
[Result "1/2-1/2"]
[WhiteElo "2159"]
[BlackElo "2136"]
[PlyCount "0"]
[WhiteTeam "Lokomotiva Brno A"]
[BlackTeam "Sachy Hostalkova"]
[EventDate "2017.10.22"]

1. d4 Nf6 2. c4 e6 3. g3 c5 4. Nf3 cxd4 5. Nxd4 a6 6. Bg2 Qc7 7. Nd2 Be7 8. O-O
O-O 9. b3 Nc6 10. Bb2 d6 11. e4 Bd7 12. Qe2 Rac8 13. Rfd1 Rfd8 14. Nf1 b5 15.
Ne3 Nxd4 16. Bxd4 Bc6 17. Rac1 Qb7 18. f3 bxc4 19. bxc4 Nd7 20. Rb1 Qa8 21. Nd5
exd5 22. exd5 Ba4 23. Qxe7 Bxd1 24. Rxd1 Rxc4 25. Bh3 Rxd4 26. Rxd4 Ne5 27. Rf4
Qb8 28. Bf5 g6 29. Be4 Re8 30. Qf6 Qd8 31. Qxd8 Rxd8 32. Bc2 Kf8 33. Ra4 Ra8
34. Kf2 Ke7 35. Rb4 Ra7 36. g4 Rc7 37. Be4 a5 38. Rb8 Rc4 39. g5 Ra4 40. Rb2
Kd7 41. Re2 Ra3 42. h4 Nd3+ 43. Kg3 Nb4 44. h5 Rxa2 45. Re1 Rd2 46. Ra1 Nxd5
47. Rxa5 Ke6 48. h6 Nc7 49. Ra7 Kd7 50. Rb7 Kc8 51. Rb3 d5 52. Bb1 Ne6 53. f4
Rd4 54. Rd3 Rxd3+ 55. Bxd3 Kd7 56. Kg4 Nc5 57. Bb1 Ne4 58. f5 gxf5+ 59. Kxf5
Nc3 60. Bd3 Ke7 61. Ke5 Ne4 62. Bxe4 1/2-1/2

[Event "1. liga - V 17/18"]
[Site ""]
[Date "2018.01.07"]
[Round "5.7"]
[White "Senkyr, Martin"]
[Black "Miculka, Petr"]
[Result "0-1"]
[WhiteElo "2121"]
[BlackElo "2033"]
[PlyCount "0"]
[WhiteTeam "Sachy Hostalkova"]
[BlackTeam "Lokomotiva Brno A"]
[EventDate "2017.10.22"]

1. Nf3 Nf6 2. g3 g6 3. Bg2 Bg7 4. O-O O-O 5. d3 d6 6. c3 c5 7. e4 Nc6 8. h3 Bd7
9. Be3 e5 10. Nbd2 Re8 11. Nh4 Rc8 12. Qe1 Nh5 13. Qe2 Qe7 14. Nf5 Bxf5 15.
exf5 Nd4 16. Bxd4 exd4 17. Qxe7 Rxe7 18. fxg6 hxg6 19. c4 f5 20. Bf3 Nf6 21.
Kg2 b6 22. Nb3 Nd7 23. Rad1 Kf8 24. Nc1 Nf6 25. Ne2 Bh6 26. Ng1 Rd8 27. Rb1 a5
28. Rfd1 d5 29. b3 Rde8 30. Kf1 Kf7 31. Rb2 Ke6 32. Bg2 Kd6 33. Nf3 g5 34. Ne1
g4 35. Nc2 Re2 36. Re1 Rxe1+ 37. Nxe1 Bc1 38. Rc2 Ba3 39. Re2 Rh8 40. hxg4 fxg4
41. cxd5 Nxd5 42. Bxd5 Kxd5 43. Re4 Bb4 44. Nc2 Rh1+ 45. Kg2 Rd1 46. Rxg4 Rxd3
47. Rg8 Rd2 48. Rd8+ Ke4 49. Re8+ Kd3 50. Ne1+ Kc3 51. g4 d3 52. Re3 b5 53. g5
c4 54. g6 Bf8 55. Re8 Bg7 56. Kf3 Bd4 57. Re4 Rxf2+ 58. Kg3 d2 59. Re3+ Bxe3
60. g7 dxe1=Q 0-1

[Event "1. liga - V 17/18"]
[Site ""]
[Date "2018.01.07"]
[Round "5.8"]
[White "Vachek, Jiri"]
[Black "Krmela, Ales"]
[Result "0-1"]
[WhiteElo "1843"]
[BlackElo "2083"]
[PlyCount "0"]
[WhiteTeam "Lokomotiva Brno A"]
[BlackTeam "Sachy Hostalkova"]
[EventDate "2017.10.22"]

1. d4 d5 2. c4 e6 3. Nc3 Nf6 4. a3 Be7 5. Nf3 O-O 6. e3 c5 7. dxc5 Bxc5 8. b4
Be7 9. c5 b6 10. cxb6 axb6 11. Bb2 Bb7 12. Bd3 Nbd7 13. Nb5 Ne8 14. O-O Bf6 15.
Qe2 Bxb2 16. Qxb2 Nc7 17. Rfc1 Nxb5 18. Bxb5 Rc8 19. Rxc8 Bxc8 20. Qd4 Nb8 21.
Ne5 Qc7 22. h3 Bb7 23. Bd3 f6 24. Qh4 g5 0-1

[Event "1. liga - V 17/18"]
[Site ""]
[Date "2018.01.07"]
[Round "5.1"]
[White "Langner, Ladislav"]
[Black "Malinovsky, Karel"]
[Result "1/2-1/2"]
[WhiteElo "2399"]
[BlackElo "2478"]
[PlyCount "0"]
[WhiteTeam "Slavoj Cesky Tesin"]
[BlackTeam "Slavia Kromeriz"]
[EventDate "2017.10.22"]

1. e4 e5 2. Bc4 Nf6 3. d3 c6 4. Nf3 d5 5. Bb3 a5 6. Nc3 Bb4 7. a3 Bxc3+ 8. bxc3
a4 9. Ba2 Nbd7 10. O-O O-O 11. exd5 Nxd5 12. Bb2 Re8 13. Re1 Nf4 14. Bc1 Nd5
15. Bb2 Nf4 16. Bc1 1/2-1/2

[Event "1. liga - V 17/18"]
[Site ""]
[Date "2018.01.07"]
[Round "5.2"]
[White "Pastircak, Milan"]
[Black "Molenda, Marcin"]
[Result "1/2-1/2"]
[WhiteElo "2318"]
[BlackElo "2391"]
[PlyCount "0"]
[WhiteTeam "Slavia Kromeriz"]
[BlackTeam "Slavoj Cesky Tesin"]
[EventDate "2017.10.22"]

1. Nf3 Nf6 2. d4 g6 3. Bg5 Bg7 4. Nbd2 d5 5. e3 O-O 6. Bd3 c5 7. c3 b6 8. O-O
Nbd7 9. a4 Bb7 10. Qb1 Re8 11. Rd1 e5 12. dxe5 Nxe5 13. Nxe5 Rxe5 14. Nf3 Re6
15. a5 Qe8 16. axb6 axb6 17. Rxa8 Qxa8 18. Qa1 Re8 19. Bb5 Rc8 20. Nd2 h6 21.
Bf4 Nh5 1/2-1/2

[Event "1. liga - V 17/18"]
[Site ""]
[Date "2018.01.07"]
[Round "5.3"]
[White "Mrazek, Lumir"]
[Black "Karlik, Vladimir"]
[Result "1-0"]
[WhiteElo "2303"]
[BlackElo "2225"]
[PlyCount "0"]
[WhiteTeam "Slavoj Cesky Tesin"]
[BlackTeam "Slavia Kromeriz"]
[EventDate "2017.10.22"]

1. e4 g6 2. d4 Bg7 3. Nc3 c6 4. Be3 d6 5. Qd2 Nd7 6. Nf3 b5 7. a4 b4 8. Na2 a5
9. c3 Ngf6 10. cxb4 Nxe4 11. Qc2 Nef6 12. Qxc6 Rb8 13. Bb5 Bb7 14. Qc3 Rc8 15.
Qd2 axb4 16. Nxb4 Ne4 17. Qd3 Qa5 18. Qa3 Nef6 19. O-O Qa8 20. Rac1 Rxc1 21.
Rxc1 Bxf3 22. gxf3 O-O 23. Nc6 Re8 24. a5 Nd5 25. Nb4 Nxb4 26. Qxb4 Rb8 27. Qa4
Nf6 28. Bc6 Qa6 29. b4 1-0

[Event "1. liga - V 17/18"]
[Site ""]
[Date "2018.01.07"]
[Round "5.4"]
[White "Mudrak, Josef"]
[Black "Mroziak, Maciej"]
[Result "0-1"]
[WhiteElo "2279"]
[BlackElo "2397"]
[PlyCount "0"]
[WhiteTeam "Slavia Kromeriz"]
[BlackTeam "Slavoj Cesky Tesin"]
[EventDate "2017.10.22"]

1. d4 Nf6 2. Nf3 g6 3. g3 Bg7 4. Bg2 O-O 5. O-O d6 6. Nbd2 c5 7. e3 Nc6 8. b3
Bf5 9. Bb2 Qc8 10. Ne1 Bg4 11. f3 Bh3 12. dxc5 Bxg2 13. Nxg2 dxc5 14. Qe2 Rd8
15. Rfd1 Qc7 16. Nc4 Nd5 17. Nf4 e6 18. Bxg7 Kxg7 19. Qe1 Ne5 20. Kf2 Nxc4 21.
bxc4 Nxf4 22. gxf4 Qe7 23. Qc3+ Qf6 24. Qxf6+ Kxf6 25. Rd3 Ke7 26. Rb1 Rxd3 27.
cxd3 b6 28. Rb3 Kd6 29. Ke2 Kc6 30. Kd2 Re8 31. Rb1 e5 32. fxe5 Rxe5 33. Rg1
Rh5 34. Rg2 Rh3 35. Rf2 Kd6 36. d4 cxd4 37. exd4 Rh5 38. Kc3 Ra5 39. d5 Kc5 40.
Rd2 Ra3+ 41. Kb2 Re3 42. f4 Kxc4 43. d6 Re8 44. Rc2+ Kd5 45. Rc7 Kxd6 46. Rxf7
Re7 47. Rf6+ Re6 48. Rf7 Re2+ 49. Kc3 Rxh2 50. Rxa7 Rf2 51. Rxh7 Rxf4 52. Rb7
Kc5 53. Rc7+ Kb5 54. Rg7 Rf3+ 55. Kc2 Rf6 56. Rg8 Kc4 57. Rc8+ Kd4 58. Re8 g5
59. Rg8 Rf5 60. Kd2 Ke4 61. Rb8 Rf6 62. Ke2 Kf4 63. Kf2 Kg4+ 64. Kg2 Rc6 65. a4
Rc2+ 66. Kf1 Kf3 67. Rf8+ Kg3 68. Rb8 Rc6 69. a5 Rc1+ 70. Ke2 bxa5 71. Rb5 g4
72. Rxa5 Kg2 73. Rg5 g3 74. Rg8 Rc7 75. Re8 Rf7 76. Ke1 Kg1 77. Ke2 g2 78. Rh8
Re7+ 79. Kd2 Re5 80. Kd3 Kf2 81. Rf8+ Kg3 82. Rg8+ Kf3 83. Kd2 Re4 84. Rf8+ Rf4
85. Rg8 Rg4 86. Rxg4 Kxg4 0-1

[Event "1. liga - V 17/18"]
[Site ""]
[Date "2018.01.07"]
[Round "5.5"]
[White "Wiewiora, Eneasz"]
[Black "Cagasik, Tomas"]
[Result "1-0"]
[WhiteElo "2326"]
[BlackElo "2202"]
[PlyCount "0"]
[WhiteTeam "Slavoj Cesky Tesin"]
[BlackTeam "Slavia Kromeriz"]
[EventDate "2017.10.22"]

1. d4 d5 2. c4 e5 3. e3 exd4 4. exd4 Nf6 5. Nf3 Be7 6. Nc3 O-O 7. Be2 h6 8. O-O
Be6 9. c5 b6 10. cxb6 axb6 11. Bf4 Bd6 12. Ne5 Nfd7 13. Bf3 Bxe5 14. dxe5 c6
15. Re1 Re8 16. b4 b5 17. a4 bxa4 18. Rxa4 Rxa4 19. Qxa4 Nb6 20. Qa7 N8d7 21.
Rd1 Qa8 22. Qxa8 Rxa8 23. b5 cxb5 24. Nxb5 Ra4 25. Bg3 Rb4 26. Nd4 Nc4 27. Nc6
Rb2 28. h3 Nd2 29. Bxd5 Bxd5 30. Ne7+ Kf8 31. Nxd5 Ne4 32. Ne3 Ndc5 33. Nf5 Kg8
34. Bh4 Kh7 35. Nd6 g5 36. Bg3 Nc3 37. Re1 Kg6 38. Re3 Ne2+ 39. Kh2 h5 40. h4
g4 41. Ra3 Rd2 42. Ra8 Nxg3 43. Kxg3 Nd3 44. Rg8+ Kh7 45. Rg5 Nxf2 46. Rxh5+
Kg8 47. Rg5+ Kf8 48. Rf5 Nh1+ 49. Kh2 g3+ 50. Kh3 Rd3 51. Rxf7+ Kg8 52. Rf3 Rd5
53. Ne4 Rxe5 54. Nxg3 Nxg3 55. Rxg3+ Kh7 56. Rg5 Re3+ 57. g3 Kh6 58. Ra5 Rb3
59. Re5 Kg6 60. Re6+ Kh5 61. Re5+ Kg6 62. Kg4 Rb4+ 63. Kf3 Rb3+ 64. Kf4 Rb4+
65. Re4 Rb6 66. Kg4 Rf6 67. h5+ Kh6 68. Kh4 Ra6 69. g4 Ra7 70. Re6+ Kh7 71. Re4
Kh6 72. g5+ Kh7 73. Kg4 Kg7 74. h6+ Kh7 75. Kh5 Ra8 76. Re7+ Kg8 77. Rd7 Ra5
78. Re7 Kh8 79. Kg6 Ra6+ 80. Kf5 Ra5+ 81. Re5 Ra8 82. g6 Kg8 83. Kg5 1-0

[Event "1. liga - V 17/18"]
[Site ""]
[Date "2018.01.07"]
[Round "5.6"]
[White "Dvorak, Martin"]
[Black "Miturova, Magdalena"]
[Result "0-1"]
[WhiteElo "2169"]
[BlackElo "2216"]
[PlyCount "0"]
[WhiteTeam "Slavia Kromeriz"]
[BlackTeam "Slavoj Cesky Tesin"]
[EventDate "2017.10.22"]

1. e4 e5 2. Nf3 Nc6 3. Bb5 Bc5 4. O-O Nf6 5. Re1 O-O 6. c3 Re8 7. d4 exd4 8. e5
Nd5 9. Bc4 Nb6 10. Bxf7+ Kxf7 11. Ng5+ Kg8 12. Qb3+ Re6 13. Qc2 g6 14. b4 Be7
15. Nxe6 dxe6 16. b5 d3 17. Qd1 Na5 18. Re3 Qe8 19. a4 c5 20. Rxd3 c4 21. Rf3
a6 22. Ba3 Nb3 23. Ra2 Nc5 24. a5 Nd5 25. b6 Bd7 26. Qd4 Nb3 27. Qxc4 Nxa5 28.
Qe4 Bxa3 29. Rxa3 Nc6 30. Rb3 Rc8 31. Nd2 Nce7 32. Nc4 Nf5 33. g4 Bb5 34. Nd2
Nh4 35. Rh3 Qe7 36. c4 Qg5 37. Rxb5 axb5 38. cxd5 Qxd2 39. Rxh4 Rc1+ 40. Kg2
Qd1 41. Qe3 Qh1+ 42. Kg3 b4 43. f3 Rc3 44. Qe4 Qg1+ 45. Kh3 Qf2 0-1